Carlos Lleras Restrepo : (Registro nro. 6246)

Detalles MARC
000 -LEADER
fixed length control field 01350nam a2200301Ia 4500
003 - CONTROL NUMBER IDENTIFIER
control field OSt
005 - DATE AND TIME OF LATEST TRANSACTION
control field 20200925214849.0
008 - FIXED-LENGTH DATA ELEMENTS--GENERAL INFORMATION
fixed length control field 191128s2007 ck gr 000 0 spa d
020 ## - INTERNATIONAL STANDARD BOOK NUMBER
International Standard Book Number 9789586521789
Qualifying information v.1
020 ## - INTERNATIONAL STANDARD BOOK NUMBER
International Standard Book Number 9789586521796
Qualifying information v.2
020 ## - INTERNATIONAL STANDARD BOOK NUMBER
International Standard Book Number 9789586521802
Qualifying information v.3
020 ## - INTERNATIONAL STANDARD BOOK NUMBER
International Standard Book Number 9789586521819
Qualifying information v.4
020 ## - INTERNATIONAL STANDARD BOOK NUMBER
International Standard Book Number 9789586521826
Qualifying information v.5
040 ## - CATALOGING SOURCE
Original cataloging agency CO-JMCR
Transcribing agency CO-JMCR
041 0# - LANGUAGE CODE
Language code of text/sound track or separate title spa
082 04 - DEWEY DECIMAL CLASSIFICATION NUMBER
Classification number 923.2 /
Item number L791c
Edition number 23
100 1# - MAIN ENTRY--PERSONAL NAME
Personal name Lleras Restrepo, Carlos,
Relator term autor
9 (RLIN) 1861
245 10 - TITLE STATEMENT
Title Carlos Lleras Restrepo :
Remainder of title obras selectas /
Statement of responsibility, etc. Carlos Lleras Restrepo
260 ## - PUBLICATION, DISTRIBUTION, ETC.
Place of publication, distribution, etc. Bogotá :
Name of publisher, distributor, etc. ESAP,
Date of publication, distribution, etc. 2007
300 ## - PHYSICAL DESCRIPTION
Extent 5 volúmenes :
Other physical details fotografías a blanco y negro ;
Dimensions 24 cm.
505 0# - FORMATTED CONTENTS NOTE
Miscellaneous information v.1
Title Escritos de historia, arte y literatura /
Statement of responsibility prólogo, Belisario Betancur
Miscellaneous information v.2
Title Escritos económicos /
Statement of responsibility prólogo, Abdón Espinosa Valderrama
Miscellaneous information v.3
Title Escritos políticos /
Statement of responsibility prólogo, Otto Morales Benítez
Miscellaneous information v.4
Title Documentos de gobierno /
Statement of responsibility prólogo, Fernando Hinestrosa
Miscellaneous information v.5
Title Memorias
Statement of responsibility prólogo, Patricia Lara Salive
600 14 - SUBJECT ADDED ENTRY--PERSONAL NAME
Personal name Lleras Restrepo, Carlos,
Dates associated with a name 1908-1994
Form subdivision colecciones de escritos
General subdivision pensamiento político
9 (RLIN) 10898
600 14 - SUBJECT ADDED ENTRY--PERSONAL NAME
Personal name Lleras Restrepo, Carlos,
Dates associated with a name 1908-1994
General subdivision homenajes póstumos
9 (RLIN) 10899
650 14 - SUBJECT ADDED ENTRY--TOPICAL TERM
Topical term or geographic name entry element Pensamiento económico
9 (RLIN) 10900
650 14 - SUBJECT ADDED ENTRY--TOPICAL TERM
Topical term or geographic name entry element Pensamiento político
9 (RLIN) 10901
650 14 - SUBJECT ADDED ENTRY--TOPICAL TERM
Topical term or geographic name entry element Pensamiento social
9 (RLIN) 10902
942 ## - ADDED ENTRY ELEMENTS (KOHA)
Source of classification or shelving scheme Dewey Decimal Classification
Koha item type Books
Existencias
Withdrawn status Lost status Source of classification or shelving scheme Damaged status Not for loan Collection code Home library Current library Date acquired Source of acquisition Total Checkouts Full call number Barcode Date last seen Date last checked out Copy number Koha item type Price effective from
    Dewey Decimal Classification     Non-fiction Biblioteca Pública José María del Castillo y Rada Biblioteca Pública José María del Castillo y Rada 04/15/2018 Donación 1 923.2 / L791c 430012265 05/16/2024 11/15/2022 V.1 / Ej.1 Books  
    Dewey Decimal Classification     Non-fiction Biblioteca Pública José María del Castillo y Rada Biblioteca Pública José María del Castillo y Rada 04/15/2018 Donación   923.2 / L791c 430012266 05/16/2024   V.2 / Ej.1 Books 09/25/2020
    Dewey Decimal Classification     Non-fiction Biblioteca Pública José María del Castillo y Rada Biblioteca Pública José María del Castillo y Rada 04/15/2018 Donación   923.2 / L791c 430012267 05/16/2024   V.3 / Ej.1 Books 09/25/2020
    Dewey Decimal Classification     Non-fiction Biblioteca Pública José María del Castillo y Rada Biblioteca Pública José María del Castillo y Rada 04/15/2018 Donación   923.2 / L791c 430012268 05/16/2024   V.4 / Ej.1 Books 09/25/2020
    Dewey Decimal Classification     Non-fiction Biblioteca Pública José María del Castillo y Rada Biblioteca Pública José María del Castillo y Rada 04/15/2018 Donación   923.2 / L791c 430012269 05/16/2024   V.5 / Ej.1 Books 09/25/2020